[Event "Teplice op 10th"]
[Site "Teplice"]
[Date "2015.06.21"]
[Round "9"]
[White "Hanzlik, Daniel"]
[Black "Hanzlik, David"]
[Result "0-1"]
[WhiteElo "1883"]
[BlackElo "1699"]
[PlyCount "92"]
[EventDate "2015.06.13"]
[EventType "swiss"]
[EventRounds "9"]
[EventCountry "CZE"]
[SourceTitle "EXT 2017"]
[Source "ChessBase"]
[SourceDate "2016.10.25"]
[SourceVersion "1"]
[SourceVersionDate "2016.10.25"]
[SourceQuality "1"]

1. e4 e5 2. Nf3 Nc6 3. Bc4 Nf6 4. Ng5 d5 5. exd5 b5 6. Bxb5 Qxd5 7. Bf1 e4 8. d3 Bg4 9. Be2 Bxe2 10. Qxe2 Nd4 11. Nc3 Bb4 12. Qd1 exd3 13. 0-0 Bxc3 14. bxc3 Nxc2 15. Rb1 0-0 16. Rb3 c5 17. c4 Qxc4 18. Qxd3 Qxd3 19. Rxd3 Nb4 20. Ra3 h6 21. Nf3 Nfd5 22. Ra5 Rfc8 23. a3 Nd3 24. Rd1 Nxc1 25. Rxc1 Rab8 26. Rxa7 c4 27. Rd7 Nf4 28. Rd2 Nd3 29. Rcd1 Rb2 30. Rxb2 Nxb2 31. Rc1 c3 32. Ne1 Na4 33. Kf1 Rb8 34. Ke2 Rb2+ 35. Rc2 Rb3 36. Kd3 Rxa3 37. Kc4 Nb6+ 38. Kb4 Ra1 39. Nd3 Nd5+ 40. Kc4 Ra5 41. Nb4 Ra4 42. Kxd5 Rxb4 43. Rxc3 Rb2 44. Rf3 Re2 45. h4 g6 46. g3 Kg7 0-1

[Event "Teplice op 10th"]
[Site "Teplice"]
[Date "2015.06.20"]
[Round "8"]
[White "Mriso, Milos"]
[Black "Hanzlik, Daniel"]
[Result "1/2-1/2"]
[WhiteElo "1740"]
[BlackElo "1883"]
[PlyCount "92"]
[EventDate "2015.06.13"]
[EventType "swiss"]
[EventRounds "9"]
[EventCountry "CZE"]
[SourceTitle "EXT 2017"]
[Source "ChessBase"]
[SourceDate "2016.10.25"]
[SourceVersion "1"]
[SourceVersionDate "2016.10.25"]
[SourceQuality "1"]

1. Nf3 Nf6 2. b3 c5 3. Bb2 d5 4. d3 Nc6 5. Nbd2 g6 6. g3 Bg7 7. Bg2 0-0 8. 0-0 Re8 9. Ne5 Qc7 10. Nxc6 bxc6 11. h3 e5 12. e4 d4 13. a4 a5 14. Ba3 Bf8 15. Qe1 Nh5 16. Qe2 Ba6 17. Kh2 Bd6 18. Rg1 Re6 19. Bf3 Ng7 20. g4 g5 21. Nf1 Rh6 22. Ng3 Ne6 23. Nf5 Rxh3+ 24. Kxh3 Nf4+ 25. Kg3 Nxe2+ 26. Bxe2 Bc8 27. Nxd6 Qxd6 28. Rh1 Kg7 29. Rh2 Bd7 30. Rah1 h6 31. Rxh6 Qxh6 32. Rxh6 Kxh6 33. Bxc5 Be6 34. Bd6 f6 35. Bc5 Kg6 36. f3 Kf7 37. Ba3 Ke8 38. Kg2 Kd7 39. Bc5 Rb8 40. Bd1 Rh8 41. Bb6 Ra8 42. Bc5 Rb8 43. Kf2 Rb7 44. Ke2 Rb8 45. Kf2 Rh8 46. Kg2 Rb8 1/2-1/2

[Event "CZE-chT2B 1415"]
[Site "Czech Republic"]
[Date "2014.11.30"]
[Round "3.8"]
[White "Simon, Petr"]
[Black "Hanzlik, Daniel"]
[Result "1-0"]
[WhiteElo "1742"]
[BlackElo "1794"]
[PlyCount "65"]
[EventDate "2014.11.02"]
[EventType "team-tourn"]
[EventRounds "11"]
[EventCountry "CZE"]
[SourceTitle "EXT 2022"]
[Source "ChessBase"]
[SourceDate "2021.10.06"]
[SourceVersion "1"]
[SourceVersionDate "2021.10.06"]
[SourceQuality "1"]
[WhiteTeam "Liberec Lokomotiva"]
[BlackTeam "Most Chess II"]
[WhiteTeamCountry "CZE"]
[BlackTeamCountry "CZE"]

1. e4 c5 2. Nf3 d6 3. d4 cxd4 4. Nxd4 Nf6 5. Nc3 Nc6 6. Be2 e6 7. Be3 Be7 8. 0-0 0-0 9. Qd2 a6 10. Kh1 Nxd4 11. Qxd4 b5 12. f3 Bb7 13. Rac1 Qc7 14. Nd1 d5 15. exd5 Nxd5 16. c4 Nxe3 17. Qxe3 Rac8 18. b3 Bc5 19. Qc3 b4 20. Qc2 Rfd8 21. Nf2 Rd4 22. Ne4 f5 23. Nxc5 Rh4 24. h3 Qxc5 25. Rcd1 g5 26. Qd2 Qe7 27. Qd7 Kf7 28. Rd2 h5 29. Rfd1 Rc7 30. Qxc7 Qxc7 31. Rd7+ Qxd7 32. Rxd7+ Kf6 33. Rxb7 1-0

[Event "Czech Fed-ch opA"]
[Site "Hrdonov"]
[Date "2013.11.02"]
[Round "9"]
[White "Hanzlik, Daniel"]
[Black "Vojir, Vaclav Jr"]
[Result "1-0"]
[WhiteElo "1772"]
[BlackElo "1755"]
[PlyCount "87"]
[EventDate "2013.10.26"]
[EventType "swiss"]
[EventRounds "9"]
[EventCountry "CZE"]
[SourceTitle "EXT 2016"]
[Source "ChessBase"]
[SourceDate "2015.10.08"]
[SourceVersion "1"]
[SourceVersionDate "2015.10.08"]
[SourceQuality "1"]

1. e4 c6 2. d4 d5 3. exd5 cxd5 4. Bd3 Nc6 5. c3 g6 6. Bf4 Bg7 7. Nf3 Nf6 8. Nbd2 Bf5 9. Bxf5 gxf5 10. Qe2 Ne4 11. g4 fxg4 12. Nh4 Nxd2 13. Kxd2 Qd7 14. Rag1 h5 15. f3 Bh6 16. Qe3 Qe6 17. Bxh6 Rxh6 18. Qxe6 Rxe6 19. fxg4 hxg4 20. Rxg4 Kd7 21. Rf1 f6 22. Rf5 Kd6 23. Rh5 Re4 24. Nf5+ Ke6 25. Rxe4+ dxe4 26. Ke3 Rd8 27. Kxe4 Kf7 28. Rh7+ Ke8 29. Rh8+ Kd7 30. Rxd8+ Nxd8 31. h4 Nf7 32. c4 e6 33. Ne3 Ke7 34. b4 Nd6+ 35. Kf4 Kf7 36. a4 Kg6 37. c5 Nf7 38. Ng4 Kg7 39. b5 Kg6 40. h5+ Kxh5 41. Nxf6+ Kg6 42. Ne4 Nd8 43. Ke5 Kf7 44. Kd6 1-0

[Event "Teplice op 8th"]
[Site "Teplice"]
[Date "2013.06.24"]
[Round "9"]
[White "Hanzlik, Daniel"]
[Black "Stastny, Petr"]
[Result "0-1"]
[WhiteElo "1767"]
[BlackElo "2085"]
[PlyCount "82"]
[EventDate "2013.06.15"]
[EventType "swiss"]
[EventRounds "9"]
[EventCountry "CZE"]
[SourceTitle "CBM 155 Extra"]
[Source "ChessBase"]
[SourceDate "2013.08.26"]
[SourceVersion "1"]
[SourceVersionDate "2013.08.26"]
[SourceQuality "1"]

1. e4 c5 2. Nf3 Nc6 3. d4 cxd4 4. Nxd4 Nf6 5. Nc3 e5 6. Ndb5 d6 7. Bg5 a6 8. Na3 b5 9. Nd5 Be7 10. Bxf6 Bxf6 11. c3 0-0 12. Nc2 Rb8 13. Nde3 Bg5 14. Be2 g6 15. g4 Kh8 16. Ng2 Bh4 17. Nce3 Be7 18. h4 b4 19. g5 bxc3 20. bxc3 Kg7 21. Nd5 f6 22. gxf6+ Bxf6 23. h5 Bg5 24. hxg6 hxg6 25. Bg4 Rb2 26. 0-0 Rd2 27. Qe1 Bxg4 28. f4 Re2 29. Qg3 Rxe4 30. Qxg4 exf4 31. Ngxf4 Bxf4 32. Rxf4 Rexf4 33. Nxf4 Qb6+ 34. Kg2 Qb2+ 35. Kg3 Qxc3+ 36. Kg2 Qd2+ 37. Kg3 Qe3+ 38. Qf3 Qxf3+ 39. Kxf3 g5 40. Rg1 Rxf4+ 41. Ke3 Kf6 0-1

[Event "Teplice op 8th"]
[Site "Teplice"]
[Date "2013.06.21"]
[Round "7"]
[White "Zak, Jiri"]
[Black "Hanzlik, Daniel"]
[Result "0-1"]
[WhiteElo "1723"]
[BlackElo "1767"]
[PlyCount "82"]
[EventDate "2013.06.15"]
[EventType "swiss"]
[EventRounds "9"]
[EventCountry "CZE"]
[SourceTitle "CBM 155 Extra"]
[Source "ChessBase"]
[SourceDate "2013.08.26"]
[SourceVersion "1"]
[SourceVersionDate "2013.08.26"]
[SourceQuality "1"]

1. e4 c5 2. Nf3 e6 3. c3 d5 4. e5 d4 5. cxd4 cxd4 6. Qa4+ Nc6 7. Bb5 Bd7 8. 0-0 Bc5 9. Re1 a6 10. Qc2 Ba7 11. Ba4 b5 12. Bb3 Rc8 13. Qd1 Nge7 14. d3 Ng6 15. Kf1 Qc7 16. Na3 0-0 17. Bd2 Bb8 18. Re2 Ngxe5 19. Nxe5 Nxe5 20. Bf4 f6 21. Nc2 Qb6 22. Re4 Nc6 23. Bxb8 Rxb8 24. Bxe6+ Bxe6 25. Rxe6 Qc7 26. Qe2 Qxh2 27. f3 Ne5 28. Kf2 Rfe8 29. Nxd4 Qh4+ 30. Kf1 Qxd4 31. Rxa6 Ng4 32. Qxe8+ Rxe8 33. fxg4 Qxb2 34. Re1 Rxe1+ 35. Kxe1 Qxg2 36. a4 bxa4 37. Rxa4 Kf7 38. Ra7+ Kg6 39. Rd7 Qxg4 40. Rd8 Qb4+ 41. Ke2 Qe7+ 0-1

[Event "Teplice op 8th"]
[Site "Teplice"]
[Date "2013.06.17"]
[Round "3"]
[White "Hanzlik, Daniel"]
[Black "Steinhart, Roel"]
[Result "1-0"]
[WhiteElo "1767"]
[BlackElo "1575"]
[PlyCount "79"]
[EventDate "2013.06.15"]
[EventType "swiss"]
[EventRounds "9"]
[EventCountry "CZE"]
[SourceTitle "CBM 155 Extra"]
[Source "ChessBase"]
[SourceDate "2013.08.26"]
[SourceVersion "1"]
[SourceVersionDate "2013.08.26"]
[SourceQuality "1"]

1. e4 e5 2. Nf3 Qf6 3. Nc3 c6 4. Bc4 Bc5 5. d3 d6 6. Be3 Bb4 7. Qd2 h6 8. a3 Ba5 9. b4 Bc7 10. d4 Bg4 11. Be2 Nd7 12. Nxe5 Bxe2 13. Nxd7 Kxd7 14. Qxe2 Re8 15. 0-0 Qg6 16. f4 Nf6 17. f5 Qg4 18. Qxg4 Nxg4 19. Bf4 Bb6 20. Rad1 Ne5 21. Na4 Nc4 22. Nxb6+ Nxb6 23. Rfe1 Nc4 24. Rd3 d5 25. e5 Nd6 26. g4 Ne4 27. Rb1 g5 28. Bg3 h5 29. b5 hxg4 30. bxc6+ Kxc6 31. a4 a6 32. a5 Kc7 33. Rdb3 Rb8 34. e6+ Nxg3 35. Rxg3 f6 36. Rc3+ Kd8 37. Rb6 Rc8 38. Rd6+ Ke7 39. Rd7+ Ke8 40. Rxc8# 1-0

[Event "Teplice op 8th"]
[Site "Teplice"]
[Date "2013.06.16"]
[Round "2"]
[White "Ta, Van Duy"]
[Black "Hanzlik, Daniel"]
[Result "1-0"]
[WhiteElo "1699"]
[BlackElo "1767"]
[PlyCount "71"]
[EventDate "2013.06.15"]
[EventType "swiss"]
[EventRounds "9"]
[EventCountry "CZE"]
[SourceTitle "CBM 155 Extra"]
[Source "ChessBase"]
[SourceDate "2013.08.26"]
[SourceVersion "1"]
[SourceVersionDate "2013.08.26"]
[SourceQuality "1"]

1. d4 Nf6 2. c4 g6 3. Nc3 Bg7 4. e4 d6 5. f3 c5 6. Nge2 0-0 7. Be3 Qb6 8. Qd2 Nc6 9. d5 Ne5 10. Ng3 Qb4 11. Nd1 Qa4 12. b3 Qa3 13. Rb1 e6 14. Be2 exd5 15. cxd5 Rb8 16. 0-0 b5 17. h3 b4 18. f4 Ned7 19. Re1 Re8 20. Bf3 Ba6 21. Nf2 Nb6 22. e5 Nfd7 23. e6 Bc3 24. Qc2 Bxe1 25. Rxe1 fxe6 26. dxe6 Rxe6 27. Bg4 Re7 28. Nfe4 Rbe8 29. f5 d5 30. Bc1 Qa5 31. f6 Rxe4 32. Nxe4 dxe4 33. Rxe4 Ne5 34. Qf2 Qb5 35. Rxe5 Rxe5 36. f7+ 1-0

[Event "CZE-chTA U20 1213"]
[Site "Czech Republic"]
[Date "2013.04.14"]
[Round "11.6"]
[White "Hanzlik, Daniel"]
[Black "Kanakova, Natalie"]
[Result "0-1"]
[WhiteElo "1696"]
[BlackElo "1654"]
[PlyCount "94"]
[EventDate "2012.10.06"]
[EventType "team-tourn"]
[EventRounds "11"]
[EventCountry "CZE"]
[SourceTitle "EXT 2015"]
[Source "ChessBase"]
[SourceDate "2014.11.20"]
[SourceVersion "1"]
[SourceVersionDate "2014.11.20"]
[SourceQuality "1"]
[WhiteTeam "Most Chess (U20)"]
[BlackTeam "Frydek Mistek (U20)"]
[WhiteTeamCountry "CZE"]
[BlackTeamCountry "CZE"]

1. e4 c5 2. Nf3 Nc6 3. d4 cxd4 4. Nxd4 Nf6 5. Nc3 e6 6. Ndb5 Bb4 7. a3 Bxc3+ 8. Nxc3 d5 9. exd5 exd5 10. Bg5 d4 11. Ne4 Qa5+ 12. Qd2 Nxe4 13. Qxa5 Nxa5 14. Bf4 Be6 15. Bb5+ Nc6 16. Be5 f6 17. Bxd4 a6 18. Bxc6+ bxc6 19. 0-0-0 c5 20. Be3 Rd8 21. f3 Nd6 22. Bxc5 Nb7 23. Bd4 Kf7 24. b3 Rc8 25. c4 Na5 26. Kc2 Rb8 27. Rb1 Bf5+ 28. Kc3 Bxb1 29. Rxb1 Rhc8 30. c5 Nc6 31. Bf2 a5 32. Bg3 Ne5 33. Kd4 Rd8+ 34. Ke4 Rb5 35. b4 Nc6 36. Bd6 axb4 37. Kd5 Rc8 38. Kc4 Rb7 39. axb4 Na7 40. b5 Rb6 41. Ra1 Nxb5 42. Bg3 Rb7 43. Ra5 Na7 44. Ra6 Nc6 45. Bd6 Rb4+ 46. Kc3 Rb1 47. Kc2 Nb4+ 0-1

[Event "CZE-chTA U20 1213"]
[Site "Czech Republic"]
[Date "2013.04.13"]
[Round "10.6"]
[White "Vlckova, Katerina"]
[Black "Hanzlik, Daniel"]
[Result "1-0"]
[WhiteElo "1846"]
[BlackElo "1696"]
[PlyCount "91"]
[EventDate "2012.10.06"]
[EventType "team-tourn"]
[EventRounds "11"]
[EventCountry "CZE"]
[SourceTitle "EXT 2015"]
[Source "ChessBase"]
[SourceDate "2014.11.20"]
[SourceVersion "1"]
[SourceVersionDate "2014.11.20"]
[SourceQuality "1"]
[WhiteTeam "Polabiny (U20)"]
[BlackTeam "Most Chess (U20)"]
[WhiteTeamCountry "CZE"]
[BlackTeamCountry "CZE"]

1. d4 Nf6 2. Nf3 g6 3. g3 Bg7 4. Bg2 0-0 5. c4 d6 6. Nc3 c6 7. 0-0 Qa5 8. Qc2 Qh5 9. Re1 Bh3 10. Bh1 Nbd7 11. Ne4 Bf5 12. Nxf6+ Nxf6 13. Qb3 Rab8 14. a4 Be4 15. Bg2 Rfd8 16. Bf4 Nd7 17. Rad1 c5 18. d5 a6 19. h3 f5 20. Ng5 Bxg2 21. Kxg2 Nf8 22. Qe3 Re8 23. Ne6 Bxb2 24. f3 Nxe6 25. Qxe6+ Kh8 26. e4 g5 27. Qxf5 Bf6 28. h4 Rg8 29. hxg5 Rxg5 30. Bxg5 Qxg5 31. Qxg5 Bxg5 32. f4 Bf6 33. e5 Bg7 34. exd6 exd6 35. Re6 Bf8 36. Rb1 Kg7 37. Rb6 Kf7 38. Re1 Be7 39. Reb1 Rg8 40. Rxb7 h5 41. Re1 Re8 42. Kh3 Kf6 43. Re6+ Kf7 44. Rxd6 h4 45. g4 Kf8 46. Re6 1-0

[Event "CZE-chTW U20 1213"]
[Site "Czech Republic"]
[Date "2012.12.08"]
[Round "5.5"]
[White "Zateckova, Karolina"]
[Black "Hanzlik, Daniel"]
[Result "0-1"]
[WhiteElo "1458"]
[BlackElo "1696"]
[PlyCount "54"]
[EventDate "2012.10.06"]
[EventType "team-tourn"]
[EventRounds "11"]
[EventCountry "CZE"]
[SourceTitle "EXT 2015"]
[Source "ChessBase"]
[SourceDate "2014.11.20"]
[SourceVersion "1"]
[SourceVersionDate "2014.11.20"]
[SourceQuality "1"]
[WhiteTeam "Udlice (U20)"]
[BlackTeam "Most Chess (U20)"]
[WhiteTeamCountry "CZE"]
[BlackTeamCountry "CZE"]

1. e4 c5 2. Nf3 e6 3. d4 cxd4 4. Nxd4 Nc6 5. Nxc6 bxc6 6. Bf4 Qf6 7. Qc1 e5 8. Be3 Qg6 9. Nd2 Nf6 10. f3 d5 11. exd5 cxd5 12. Bf2 Bd7 13. c3 Bd6 14. Qb1 Bf5 15. Qc1 0-0 16. Bg3 Nh5 17. Bf2 Nf4 18. g3 Nd3+ 19. Bxd3 Bxd3 20. Nf1 Rfe8 21. Ne3 d4 22. Nd1 e4 23. Bxd4 exf3+ 24. Be3 f5 25. Kf2 f4 26. Re1 fxg3+ 27. Kxf3 Qe4# 0-1

[Event "CZE-chTB U20 1112"]
[Site "Czech Republic"]
[Date "2012.04.14"]
[Round "6.4"]
[White "Hanzlik, Daniel"]
[Black "Zavadilova, Karolina"]
[Result "0-1"]
[WhiteElo "1799"]
[BlackElo "1755"]
[PlyCount "74"]
[EventDate "2012.04.13"]
[EventType "team-tourn"]
[EventRounds "7"]
[EventCountry "CZE"]
[SourceTitle "CBM 148 Extra"]
[Source "ChessBase"]
[SourceDate "2012.06.22"]
[SourceVersion "1"]
[SourceVersionDate "2012.06.22"]
[SourceQuality "1"]
[WhiteTeam "Most"]
[BlackTeam "Brno Duras"]
[WhiteTeamCountry "CZE"]
[BlackTeamCountry "CZE"]

1. e4 c5 2. Nf3 Nc6 3. d4 cxd4 4. Nxd4 g6 5. Nc3 Bg7 6. Be3 Nf6 7. Nxc6 bxc6 8. e5 Ng8 9. f4 Nh6 10. Qd2 0-0 11. 0-0-0 Qc7 12. Bc5 Re8 13. Bc4 Bf8 14. h3 Rd8 15. Ne4 Nf5 16. g4 Ng7 17. Qb4 Re8 18. Ng5 Ne6 19. h4 h6 20. Nxe6 dxe6 21. h5 g5 22. Be3 Rb8 23. Qc3 Bg7 24. Qd3 Bb7 25. c3 c5 26. Rhf1 Rbd8 27. Qc2 Rxd1+ 28. Rxd1 Bf3 29. Rg1 Bd5 30. Bd3 Rd8 31. Kb1 a5 32. c4 Bb7 33. fxg5 Qxe5 34. Bh7+ Kh8 35. g6 Be4 36. gxf7 Bxc2+ 37. Bxc2 Qxb2# 0-1

[Event "CZE-chTB U20 1112"]
[Site "Czech Republic"]
[Date "2012.04.14"]
[Round "5.4"]
[White "Stuchly, Ondrej"]
[Black "Hanzlik, Daniel"]
[Result "0-1"]
[WhiteElo "1678"]
[BlackElo "1799"]
[PlyCount "42"]
[EventDate "2012.04.13"]
[EventType "team-tourn"]
[EventRounds "7"]
[EventCountry "CZE"]
[SourceTitle "CBM 148 Extra"]
[Source "ChessBase"]
[SourceDate "2012.06.22"]
[SourceVersion "1"]
[SourceVersionDate "2012.06.22"]
[SourceQuality "1"]
[WhiteTeam "Stare Mesto"]
[BlackTeam "Most"]
[WhiteTeamCountry "CZE"]
[BlackTeamCountry "CZE"]

1. e4 c5 2. Nf3 e6 3. d4 cxd4 4. Nxd4 Nc6 5. Nb3 Nf6 6. Bd3 d5 7. Nc3 Bb4 8. Bd2 d4 9. Ne2 Bxd2+ 10. Qxd2 e5 11. f4 Bg4 12. 0-0-0 Qc7 13. h3 Bxe2 14. Qxe2 0-0-0 15. Bb5 exf4 16. Bxc6 Qxc6 17. e5 Rhe8 18. Nxd4 Qc5 19. Qf2 Ne4 20. Qg1 Ng3 21. Rh2 Rxd4 0-1

[Event "CZE-chTW U20 1112"]
[Site "Czech Republic"]
[Date "2011.10.16"]
[Round "3.4"]
[White "Luzikova, Nicola"]
[Black "Hanzlik, Daniel"]
[Result "0-1"]
[WhiteElo "1781"]
[BlackElo "1799"]
[PlyCount "142"]
[EventDate "2011.10.15"]
[EventType "team-tourn"]
[EventRounds "7"]
[EventCountry "CZE"]
[SourceTitle "EXT 2013"]
[Source "ChessBase"]
[SourceDate "2012.11.22"]
[SourceVersion "1"]
[SourceVersionDate "2012.11.22"]
[SourceQuality "1"]
[WhiteTeam "Ricany"]
[BlackTeam "Most"]
[WhiteTeamCountry "CZE"]
[BlackTeamCountry "CZE"]

1. d4 Nf6 2. c4 c5 3. d5 e6 4. Nc3 exd5 5. cxd5 d6 6. e4 g6 7. Nf3 Bg7 8. Bd3 0-0 9. 0-0 a6 10. a4 Bg4 11. h3 Bxf3 12. Qxf3 Nbd7 13. Bf4 Qc7 14. Rfe1 Rfe8 15. Qg3 Nh5 16. Bxd6 Qb6 17. Qh2 Ne5 18. Bxe5 Bxe5 19. g3 c4 20. Bxc4 Nxg3 21. Qg2 Qxb2 22. Ne2 Nxe2+ 23. Bxe2 Bc3 24. Rec1 Qd2 25. Rab1 Qxe2 26. Rxc3 Rxe4 27. Qf3 Qxf3 28. Rxf3 Rb8 29. Rd3 Re7 30. d6 Rd7 31. Rc1 Rbd8 32. Rcd1 Rc8 33. Re1 Kf8 34. a5 Rc6 35. Red1 f6 36. Kg2 Kf7 37. Kg3 Rc5 38. Ra1 Ke6 39. Re1+ Re5 40. Rxe5+ Kxe5 41. f4+ Ke6 42. Kg4 Rxd6 43. Rb3 h5+ 44. Kf3 Kf5 45. Rxb7 Rd5 46. Rb3 Rxa5 47. Rc3 g5 48. fxg5 Kxg5 49. Kg3 Ra4 50. Rc5+ f5 51. Rc8 f4+ 52. Kf3 Ra3+ 53. Kg2 Kh4 54. Ra8 f3+ 55. Kf2 Kxh3 56. Rh8 h4 57. Rg8 Kh2 58. Rg6 a5 59. Ra6 a4 60. Ra5 Kh3 61. Ra8 Kh2 62. Ra5 h3 63. Ra8 Kh1 64. Ra7 h2 65. Ra8 Ra2+ 66. Kxf3 a3 67. Rc8 Ra1 68. Rc2 a2 69. Rf2 Re1 70. Rxa2 Rf1+ 71. Rf2 Kg1 0-1

[Event "Teplice op 6th"]
[Site "Teplice"]
[Date "2011.06.16"]
[Round "6"]
[White "Hanzlik, Daniel"]
[Black "Hlousek, Zdenek"]
[Result "1-0"]
[WhiteElo "1682"]
[BlackElo "1823"]
[PlyCount "81"]
[EventDate "2011.06.11"]
[EventType "swiss"]
[EventRounds "9"]
[EventCountry "CZE"]
[SourceTitle "CBM 142 Extra"]
[Source "ChessBase"]
[SourceDate "2011.06.27"]
[SourceVersion "1"]
[SourceVersionDate "2011.06.27"]
[SourceQuality "1"]

1. e4 c6 2. c4 d5 3. exd5 cxd5 4. cxd5 Nf6 5. Nc3 Nxd5 6. Nf3 e6 7. Qb3 Nc7 8. d4 Be7 9. Bf4 0-0 10. Be2 Nd7 11. 0-0 Nf6 12. Bxc7 Qxc7 13. Rac1 Qa5 14. Rfe1 a6 15. a3 Rd8 16. Ne5 Rb8 17. Nc6 Qc7 18. Nxb8 Qxb8 19. Bxa6 Bd6 20. Be2 Bxh2+ 21. Kf1 Bf4 22. Rc2 b6 23. Bf3 Ba6+ 24. Ne2 e5 25. g3 exd4 26. Kg1 Be5 27. Rc6 Bxe2 28. Bxe2 Bc7 29. Rc4 Be5 30. Rc6 Bc7 31. Rec1 Rd7 32. Qc4 Ne8 33. Bg4 Re7 34. Qxd4 Bxg3 35. Rc8 Qe5 36. Qxe5 Bxe5 37. Rd1 Bxb2 38. Rdd8 f5 39. Bf3 Re1+ 40. Kg2 Kf7 41. Bd5+ 1-0

[Event "Teplice op 6th"]
[Site "Teplice"]
[Date "2011.06.12"]
[Round "2"]
[White "Hanzlik, Daniel"]
[Black "Cenek, Miroslav"]
[Result "0-1"]
[WhiteElo "1682"]
[BlackElo "1903"]
[PlyCount "90"]
[EventDate "2011.06.11"]
[EventType "swiss"]
[EventRounds "9"]
[EventCountry "CZE"]
[SourceTitle "CBM 142 Extra"]
[Source "ChessBase"]
[SourceDate "2011.06.27"]
[SourceVersion "1"]
[SourceVersionDate "2011.06.27"]
[SourceQuality "1"]

1. e4 c5 2. Nf3 d6 3. d4 cxd4 4. Nxd4 Nf6 5. Nc3 a6 6. Bg5 e6 7. f4 Be7 8. Qf3 Qc7 9. 0-0-0 Nbd7 10. Bd3 b5 11. e5 Bb7 12. Qg3 dxe5 13. Nf3 e4 14. Ne5 exd3 15. Nxd7 Qxd7 16. f5 b4 17. fxe6 fxe6 18. Rxd3 Qc6 19. Bxf6 Bxf6 20. Ne4 0-0 21. Re1 Rac8 22. Rd2 Qa4 23. Kb1 Bd5 24. Nxf6+ Rxf6 25. b3 Qc6 26. h4 Rcf8 27. h5 Qc3 28. Rd3 Qxe1+ 29. Qxe1 Rf1 30. Rd1 Rxe1 31. Rxe1 Rf2 32. c4 bxc3 33. g4 Rg2 34. Rc1 c2+ 35. Kb2 Bf3 36. Rxc2 Rxc2+ 37. Kxc2 Bxg4 38. a4 Bxh5 39. Kc3 g5 40. b4 Be2 41. Kd4 Kf7 42. Kc5 g4 43. b5 axb5 44. axb5 Bxb5 45. Kxb5 g3 0-1

[Event "CZE-ch U14"]
[Site "Kouty nad Desnou"]
[Date "2011.03.14"]
[Round "4"]
[White "Kula, Dominik"]
[Black "Hanzlik, Daniel"]
[Result "0-1"]
[WhiteElo "1650"]
[BlackElo "1572"]
[PlyCount "60"]
[EventDate "2011.03.12"]
[EventType "swiss"]
[EventRounds "9"]
[EventCountry "CZE"]
[SourceTitle "EXT 2014"]
[Source "ChessBase"]
[SourceDate "2013.11.20"]
[SourceVersion "1"]
[SourceVersionDate "2013.11.20"]
[SourceQuality "1"]

1. e4 e5 2. Nf3 Nc6 3. Bc4 Nf6 4. Ng5 d5 5. exd5 Na5 6. Bb5+ c6 7. dxc6 bxc6 8. Be2 h6 9. Nf3 e4 10. Ne5 Bd6 11. d4 exd3 12. Nxd3 Qc7 13. h3 0-0 14. Nc3 Re8 15. 0-0 Bf5 16. b3 Rad8 17. f4 Bc5+ 18. Kh1 Bd4 19. Bb2 Bxc3 20. Bxc3 Ne4 21. Be1 c5 22. Bg4 Bh7 23. Qc1 Nc6 24. Bf3 Nd4 25. Bxe4 Bxe4 26. Bf2 Qc6 27. Ne1 Ne2 28. Qe3 Bxg2+ 29. Nxg2 Rxe3 30. Bxe3 Ng3+ 0-1

[Event "CZE-ch U14"]
[Site "Kouty nad Desnou"]
[Date "2011.03.14"]
[Round "3"]
[White "Szotkowski, Jakub"]
[Black "Hanzlik, Daniel"]
[Result "1-0"]
[WhiteElo "1803"]
[BlackElo "1572"]
[PlyCount "75"]
[EventDate "2011.03.12"]
[EventType "swiss"]
[EventRounds "9"]
[EventCountry "CZE"]
[SourceTitle "EXT 2014"]
[Source "ChessBase"]
[SourceDate "2013.11.20"]
[SourceVersion "1"]
[SourceVersionDate "2013.11.20"]
[SourceQuality "1"]

1. Nf3 Nf6 2. d4 e6 3. c4 b6 4. g3 Bb7 5. Bg2 Be7 6. 0-0 0-0 7. Nc3 c6 8. Bf4 Nh5 9. e4 Nxf4 10. gxf4 d5 11. cxd5 cxd5 12. e5 Nc6 13. Kh1 g6 14. Rg1 Kh8 15. Bf1 Rg8 16. Ng5 Kg7 17. Rc1 h6 18. Nf3 Bf8 19. Bd3 Kh7 20. Rg4 Ne7 21. Nb5 Nf5 22. Rc7 Rb8 23. Rxf7+ Rg7 24. Rxg7+ Kxg7 25. Qg1 Qe8 26. Nh4 Nxh4 27. Rxh4 Be7 28. Rg4 g5 29. fxg5 hxg5 30. f4 Qh5 31. Nd6 Kh6 32. fxg5+ Kg7 33. Qg3 Bxd6 34. exd6 Rf8 35. Kg2 Qf7 36. Rh4 Rh8 37. Qe5+ Kf8 38. Rxh8+ 1-0

[Event "CZE-chT U20 final-B 0910"]
[Site "Pavla Vlachovice"]
[Date "2010.04.25"]
[Round "11.3"]
[White "Hanzlik, Daniel"]
[Black "Seidl, Stepan"]
[Result "0-1"]
[WhiteElo "1681"]
[BlackElo "1983"]
[PlyCount "98"]
[EventDate "2010.04.23"]
[EventType "team-tourn"]
[EventRounds "11"]
[EventCountry "CZE"]
[SourceTitle "EXT 2011"]
[Source "ChessBase"]
[SourceDate "2010.11.26"]
[SourceVersion "1"]
[SourceVersionDate "2010.11.26"]
[SourceQuality "1"]
[WhiteTeam "Most (U20)"]
[BlackTeam "Bedrichov (U20)"]
[WhiteTeamCountry "CZE"]
[BlackTeamCountry "CZE"]

1. e4 d6 2. d4 Nf6 3. Nc3 g6 4. Bc4 Bg7 5. h3 Nbd7 6. f4 c6 7. Nf3 b5 8. Bd3 b4 9. Ne2 c5 10. 0-0 Bb7 11. c3 Nxe4 12. Bxe4 Bxe4 13. Kh1 0-0 14. dxc5 dxc5 15. cxb4 cxb4 16. Qa4 Bxf3 17. Rxf3 Nb6 18. Qb3 e6 19. Be3 Nd5 20. a3 bxa3 21. Qxa3 Nxe3 22. Rxe3 Qd2 23. Rb1 Qc2 24. Qa2 Rfb8 25. Nc3 a5 26. Nd1 a4 27. Nc3 Qb3 28. Qxb3 Rxb3 29. Nd1 Rxe3 30. Nxe3 Rb8 31. Nc4 Rb4 32. Ne5 Rxf4 33. Nd3 Rd4 34. Nc5 Bf8 35. b4 a3 36. Ra1 Rxb4 37. Nd3 Rb3 38. Nc1 Re3 39. Na2 Re2 40. Nc3 Rc2 41. Nb5 a2 42. Kh2 Bg7 43. Rd1 Be5+ 44. Kh1 a1Q 45. Rxa1 Bxa1 46. Na3 Rc5 47. Kh2 Be5+ 48. g3 Bb2 49. h4 Bxa3 0-1

[Event "CZE-chT U20 final-B 0910"]
[Site "Pavla Vlachovice"]
[Date "2010.04.23"]
[Round "8.3"]
[White "Machan, Jan"]
[Black "Hanzlik, Daniel"]
[Result "1-0"]
[WhiteElo "1805"]
[BlackElo "1681"]
[PlyCount "59"]
[EventDate "2010.04.23"]
[EventType "team-tourn"]
[EventRounds "11"]
[EventCountry "CZE"]
[SourceTitle "EXT 2011"]
[Source "ChessBase"]
[SourceDate "2010.11.26"]
[SourceVersion "1"]
[SourceVersionDate "2010.11.26"]
[SourceQuality "1"]
[WhiteTeam "Rychnov nad Kneznou (U20)"]
[BlackTeam "Most (U20)"]
[WhiteTeamCountry "CZE"]
[BlackTeamCountry "CZE"]

1. e4 e5 2. Nf3 Nc6 3. d4 exd4 4. Bc4 Bb4+ 5. c3 dxc3 6. 0-0 Nge7 7. bxc3 Bc5 8. Ng5 Ne5 9. Nxf7 Nxf7 10. Bxf7+ Kxf7 11. Qh5+ g6 12. Qxc5 d6 13. Qe3 Be6 14. Nd2 Ke8 15. Bb2 Kd7 16. c4 Kc8 17. Bxh8 Qxh8 18. c5 dxc5 19. Qxc5 Nc6 20. Nf3 h6 21. Rfd1 g5 22. Rac1 Bd7 23. Qd5 Bg4 24. h3 Bxf3 25. Qd7+ Kb8 26. Rxc6 Qc8 27. Rxc7 Qxc7 28. Qe8+ Qc8 29. Qe5+ Qc7 30. Rd8# 1-0